| 000 | 00771nam a22002417a 4500 | ||
|---|---|---|---|
| 999 |
_c10731 _d10731 |
||
| 003 | AR-CdUCM | ||
| 008 | 190401b ||||| |||| 00| 0 spa d | ||
| 040 |
_aMUNICIPALIDAD PROVINCIAL DEL CUSCO _cBIBLIOTECA MUNICIPAL DEL CUSCO |
||
| 041 | _hfre | ||
| 082 |
_a848.9 / _bAP64P / 1924 |
||
| 100 |
_aApollinaire, Guillermo _927733 |
||
| 245 | _aEl poeta asesinado / | ||
| 260 |
_aMadrid : _bBiblioteca Nueva, _c1924. |
||
| 300 |
_a282 páginas ; _bilustraciones, _c18 cm. |
||
| 505 | _aContenido: Cuentos. | ||
| 650 |
_aCuentos Franceses _91817 |
||
| 650 |
_aLiteratura Francesa _9614 |
||
| 650 |
_aSiglo XX _98 |
||
| 700 |
_aCansinos Assens, R. (traducción) _927734 |
||
| 700 |
_aGómez de la Serna, Ramón (prólogo) _927735 |
||
| 942 |
_2ddc _cLIBROS |
||
| 945 | _aachl | ||